<?xml version="1.0" encoding="utf-8"?>
<?xml-stylesheet type='text/xsl' href='./oai2.xsl'?>
<OAI-PMH xmlns="http://www.openarchives.org/OAI/2.0/" xmlns:xsi="http://www.w3.org/2001/XMLSchema-instance" xsi:schemaLocation="http://www.openarchives.org/OAI/2.0/ http://www.openarchives.org/OAI/2.0/OAI-PMH.xsd">
  <responseDate>2026-05-15T22:44:43Z</responseDate>
  <request verb="GetRecord" metadataPrefix="marcxml" identifier="record_kuniweb_2517440">https://kulturerbe.niedersachsen.de/oai</request>
  <GetRecord>
    <record>
      <header>
        <identifier>record_kuniweb_2517440</identifier>
        <datestamp>2026-03-31T19:09:18Z</datestamp>
        <setSpec>slg0175</setSpec>
      </header>
      <metadata>
        <marc:record xmlns:marc="http://www.loc.gov/MARC21/slim" xsi:schemaLocation="http://www.loc.gov/MARC21/slim http://www.loc.gov/standards/marcxml/schema/MARC21slim.xsd">
          <marc:leader>12345nkm  22     uu 4500</marc:leader>
          <marc:controlfield tag="001">2517440</marc:controlfield>
          <marc:controlfield tag="003">http://kuniweb.gbv.de</marc:controlfield>
          <marc:controlfield tag="005">2025-04-23T11:20:28</marc:controlfield>
          <marc:controlfield tag="008">|           ||||||||||||||||||||||</marc:controlfield>
          <marc:datafield tag="245" ind1="1" ind2="0">
            <marc:subfield code="a">Kurfürst Friedrich der Weise</marc:subfield>
          </marc:datafield>
          <marc:datafield tag="720" ind1=" " ind2=" ">
            <marc:subfield code="a">Bahnhofbuchhandlung Schrag &amp; Breuer (Nürnberg)</marc:subfield>
          </marc:datafield>
          <marc:datafield tag="720" ind1=" " ind2=" ">
            <marc:subfield code="a">Albrecht Dürer</marc:subfield>
          </marc:datafield>
          <marc:datafield tag="655" ind1=" " ind2="7">
            <marc:subfield code="a">Fotografie</marc:subfield>
          </marc:datafield>
          <marc:datafield tag="046" ind1=" " ind2=" ">
            <marc:subfield code="k">1860</marc:subfield>
            <marc:subfield code="k">ca. 1860 - ca. 1890 (Reproduktion)</marc:subfield>
            <marc:subfield code="l">1890</marc:subfield>
          </marc:datafield>
          <marc:datafield tag="260" ind1=" " ind2=" ">
            <marc:subfield code="g">1860</marc:subfield>
            <marc:subfield code="g">1890</marc:subfield>
            <marc:subfield code="g">ca. 1860 - ca. 1890 (Reproduktion)</marc:subfield>
          </marc:datafield>
          <marc:datafield tag="300" ind1=" " ind2=" ">
            <marc:subfield code="a">Höhe: 185 mm (Druckplatte)
Höhe: 121 mm (Druckplatte)
Höhe: 200 mm (Blatt)
Höhe: 133 mm (Blatt)</marc:subfield>
          </marc:datafield>
          <marc:datafield tag="520" ind1=" " ind2=" ">
            <marc:subfield code="a">Fotografie der Hof-Kunsthandlung Heinrich Schrag in Nürnberg nach dem Kupferstich Albrecht Dürers. Nahsichtige Halbfigur des Fürsten ohne Schmuck dargestellt wie ein Gelehrter (Wappen mit sächsischen Kurschwertern und Devise des Hauses Wettin in oberen Ecken verraten fürstlichen Rang) (T. Mahler 07/2024)

Inschrift:
"AD" mittig li. (Monogramm Albrecht Dürers innerhalb der Darstellung des reproduzierten Kupferstichs (spiegelverkehrt - von Dürer nicht korrigiert))

Aufdruck:
"CHRISTO. SACRUM./ ILLE. DEI VERBO. MAGNA PETATE. FAVEBAT./ PERPETUA. DIGNUS. POSTERITATE. COLI./ D[OMINO]. FRID[E]R[ICO]. DUCI. SAXON[IAE]. S[ACRI]. R[OMANI]. IMP[ERII]./ ARCHIM[ARESCHALLO]. ELECTORI./ ALBERTUS. DURER. NUR[EMBERGENSIS]. FACIEBAT./ B[ENE]. M[ERENTI]. F[ECIT]. V[IVUS]. V[ICO]./ M. D, XXIIII" (lateinische Inschrift unterhalb der Darstellung innerhalb der reproduzierten Druckplatte ("Christus geweiht. Er liebte das Wort Gottes in großer Frömmigkeit, würdig, verehrt zu werden in alle Zukunft. Dem Herrn Friedrich, Herzog von Sachsen, des Heiligen Römischen Reiches Erzmarschall, Kurfürst, schuf es Albrecht Dürer aus Nürnberg. Dem Hochverdienten schuf er es als Lebender dem Lebenden 1524"))

Stempel:
"K. B. Hof-Kunsthandlung Heinr. Schrag./ Grösstes Lager von Dürer-Blättern./ LArgest sock of photographs of Albert Dürer's genuine originals: drawings, paintings, engravings &amp; wood carvings./ NUREMBERG. Königsstr. 15, near St. Lawr. church." verso u. mittig (Stempel des Herstellers der Reproduktion (verso))

Aufschrift:
"B104/ Kurfürst Friedrich der Weise" verso o. mittig "1. 50" verso u. re. (Bez. in Blei (verso))

Beschrieben in:
A. Dürer, R. Schoch, M. Mende, und A. Scherbaum, „Kupferstiche, Eisenradierungen und Kaltnadelblätter“, Albrecht Dürer - das druckgraphische Werk, Bd. Bd. 1. Prestel, München [u.a.], 2001. (Nr. 98, S. 236f.)</marc:subfield>
          </marc:datafield>
          <marc:datafield tag="650" ind1="1" ind2=" ">
            <marc:subfield code="a">Grafik, Fotografie &gt; Fotografie</marc:subfield>
          </marc:datafield>
          <marc:datafield tag="773" ind1="0" ind2=" ">
            <marc:subfield code="t">Sammlung und Nachlass Hermann Allmers</marc:subfield>
          </marc:datafield>
          <marc:datafield tag="852" ind1=" " ind2=" ">
            <marc:subfield code="a">Archiv des Landkreises Cuxhaven</marc:subfield>
          </marc:datafield>
          <marc:datafield tag="852" ind1=" " ind2=" ">
            <marc:subfield code="a">Nürnberg</marc:subfield>
          </marc:datafield>
          <marc:datafield tag="852" ind1=" " ind2=" ">
            <marc:subfield code="a">Nürnberg</marc:subfield>
          </marc:datafield>
          <marc:datafield tag="" ind1=" " ind2=" ">
            <marc:subfield code="a">Sammlung und Nachlass Hermann Allmers sind Eigentum der Hermann-Allmers-Gesellschaft e. V. und werden in zwei Teilen an zwei Standorten verwahrt:
Die (museale) Sammlung, bestehend aus Mobiliar und Hausgerät, Tafelgemälden, kleineren und größeren Antiken, Gipsabgüssen, kunsthandwerklichen Objekten aus Keramik und Glas und einer kleinen Bibliothek, befindet sich im Allmers-Haus in Rechtenfleth.
Der literarische, grafische und fotografische "Nachlass Hermann Allmers" hingegen ist im Archiv des Landkreises Cuxhaven in Otterndorf deponiert.</marc:subfield>
          </marc:datafield>
          <marc:datafield tag="" ind1=" " ind2=" ">
            <marc:subfield code="a">Namensnennung - Nicht kommerziell - Keine Bearbeitungen 4.0 International (CC BY-NC-ND 4.0)</marc:subfield>
          </marc:datafield>
        </marc:record>
      </metadata>
    </record>
  </GetRecord>
</OAI-PMH>
